000 00622nab a2200229 a 4500
001 54897
003 125594
005 20201118103042.0
008 ||||||n9999 ||| || ||
041 _aspa
100 _aWilliams, Philip
245 0 _aOrganizaciones criminales transnacionales, alianzas estrategicas
260 _aMéxico :
_bTierra Firme,
_c1996.
300 _app.89-111
562 _e0
650 _aALIANZAS INTERNACIONALES
650 _aDELINCUENCIA
650 _aORGANIZACIONES DE DELINCUENTES
650 _aPOLÍTICA PÚBLICA
773 _054896
_aCiencia Política - No.44
942 _cSART
999 _c54897
_d54897